LEADER 01083nam0 2200265 i 450 001 VAN00096099 005 20240806100703.190 010 $a03-334-7639-5 100 $a20131113d1990 |0itac50 ba 101 $aeng 102 $aGB 105 $a|||| ||||| 200 1 $aˆThe ‰political economy of James Buchanan$fDavid Reisman 210 $aBasingstoke$aLondon$cMacmillan$d 1990 215 $aVI, 204 p.$d23 cm. 620 $aGB$dLondon$3VANL000015 700 1$aReisman$bDavid$3VANV075898$0477276 712 $aMacMillan $3VANV111155$4650 801 $aIT$bSOL$c20260130$gRICA 856 4 $uhttps://books.google.it/books?id=nFawCwAAQBAJ&printsec=frontcover&hl=it$zhttps://books.google.it/books?id=nFawCwAAQBAJ&printsec=frontcover&hl=it 899 $aBIBLIOTECA DEL DIPARTIMENTO DI ECONOMIA$1IT-CE0106$2VAN03 912 $aVAN00096099 950 $aBIBLIOTECA DEL DIPARTIMENTO DI ECONOMIA$d03PREST IIIGb8 $e03 2800 20131113 996 $aPolitical economy of James Buchanan$9970033 997 $aUNICAMPANIA LEADER 02171nam0 22003851i 450 001 UON00253169 005 20231205103638.260 010 $a38-950031-4-x 100 $a20040510d2003 |0itac50 ba 101 $aita 102 $aDE 105 $a|||| ||||| 200 1 $aAbitare in città$eLa Cisalpina tra impero e medioevo$dLeben in der Stadt$eOberitalien zwischen romischer Kaiserzeit und Mittelalter. Kolloquium am vierten und funften November 1999 in Rom$dConvegno tenuto a Roma il quattro e cinque novembre 1999$fHrsg. im Auftrag des DAI Rom von Jacopo Ortalli und Michael Heinzelmann$dEdito su incarico dell'Istituto Archeologico Germanico Roma da Jacopo Ortalli e Michael Heinzelmann 205 $aWiesbaden : Reichert$b2003 210 $a239 p.$cill. ; 29 cm 215 $aIn testa al front.: Deutsches Archaologisches Institut Rom 316 $aDEUTSCHES ARCHAOLOGISCHES INSTITUT - ROM$5IT-UONSI N 2ITALIA005 410 1$1001UON00088089$12001 $aPalilia$fDeutsches Archaologisches Institut Rom$v12 510 1$3UON00373303$aLeben in der Stadt : Oberitalien zwischen romischer Kaiserzeit und Mittelalter 606 $aCittà$xItalia cisalpina$xImpero romano$xCongressi$3UONC054098$2FI 606 $aCittà$xItalia cisalpina$xMedioevo$xCongressi$3UONC054099$2FI 606 $aCongressi$xRoma$x1999$3UONC054103$2FI 606 $aEdilizia abitativa$xItalia cisalpina$xImpero romano$xCongressi$3UONC054100$2FI 606 $aEdilizia abitativa$xItalia cisalpina$xMedioevo$xCongressi$3UONC054102$2FI 620 $aDE$dWiesbaden$3UONL003153 676 $a728$cEdifici residenziali$v21 702 1$aHEINZELMANN$bMichael$3UONV064677 702 1$aORTALLI$bJacopo$3UONV061784 712 $aReichert$3UONV246612$4650 801 $aIT$bSOL$c20260320$gRICA 899 $aSIBA - SISTEMA BIBLIOTECARIO DI ATENEO E ARCHIVIO STORICO$2UONSI 912 $aUON00253169 950 $aSIBA - SISTEMA BIBLIOTECARIO DI ATENEO E ARCHIVIO STORICO$dSI N 2 ITALIA 005 $eSI MC 28275 5 DEUTSCHES ARCHAOLOGISCHES INSTITUT - ROM 996 $aAbitare in città$9845838 997 $aUNIOR